[Event "Barcelona La Lira op 12th"]
[Site "Barcelona"]
[Date "2019.05.02"]
[Round "4"]
[White "Asensio Linan, Teodoro"]
[Black "Garcia Riera, Josep"]
[Result "1-0"]
[WhiteElo "2128"]
[BlackElo "1856"]
[PlyCount "49"]
[EventDate "2019.04.04"]
[EventType "swiss"]
[EventRounds "9"]
[EventCountry "ESP"]
[SourceTitle "CBM 190 Extra"]
[Source "ChessBase"]
[SourceDate "2019.07.15"]
[SourceVersion "1"]
[SourceVersionDate "2019.07.15"]
[SourceQuality "1"]

1. e4 Nf6 2. e5 Nd5 3. d4 d6 4. c4 Nb6 5. f4 dxe5 6. fxe5 Nc6 7. Be3 Bf5 8. Nc3 e6 9. Nf3 Be7 10. d5 exd5 11. cxd5 Nb4 12. Nd4 Bd7 13. e6 fxe6 14. dxe6 Bc6 15. a3 Bh4+ 16. g3 N4d5 17. Bd3 g6 18. Nxc6 bxc6 19. Nxd5 Nxd5 20. 0-0 Bg5 21. Bxg5 Qxg5 22. Qc2 Qe3+ 23. Kh1 Qxe6 24. Rae1 Ne3 25. Rxe3 1-0

[Event "Barcelona La Lira op 37th"]
[Site "Barcelona"]
[Date "2019.02.08"]
[Round "4"]
[White "Romero Funieles, Rafael de Jesus"]
[Black "Garcia Riera, Josep"]
[Result "0-1"]
[WhiteElo "1588"]
[BlackElo "1876"]
[PlyCount "108"]
[EventDate "2019.01.18"]
[EventType "swiss"]
[EventRounds "8"]
[EventCountry "ESP"]
[SourceTitle "CBM 189 Extra"]
[Source "ChessBase"]
[SourceDate "2019.05.31"]
[SourceVersion "1"]
[SourceVersionDate "2019.05.31"]
[SourceQuality "1"]

1. h4 d5 2. b3 e5 3. Bb2 Bd6 4. Nf3 Nc6 5. Nc3 Nf6 6. e3 a6 7. Be2 Bg4 8. Nh2 Bxe2 9. Qxe2 Qd7 10. g4 d4 11. exd4 Nxd4 12. Qd1 Qc6 13. 0-0 0-0-0 14. g5 Nd7 15. d3 h6 16. g6 fxg6 17. Ne4 Nf6 18. Bxd4 exd4 19. Nxf6 gxf6 20. Re1 Rde8 21. Rxe8+ Rxe8 22. Ng4 f5 23. Nh2 Bxh2+ 24. Kxh2 Qd6+ 25. Kh3 Qf4 26. Qg1 g5 27. Qg3 Qxg3+ 28. Kxg3 Re2 29. hxg5 hxg5 30. Rc1 g4 31. a4 Kd7 32. c3 Rd2 33. cxd4 Rxd3+ 34. Kg2 Rxb3 35. Rh1 Rc3 36. Rh7+ Kd6 37. Rh6+ Kd5 38. Rh7 Rc4 39. Rd7+ Ke6 40. Rh7 b6 41. a5 Kd5 42. axb6 cxb6 43. Rh5 a5 44. Rxf5+ Kxd4 45. Kg3 Kc3 46. Rf6 b5 47. Ra6 a4 48. Kg2 Kb3 49. Kf1 a3 50. Ke2 a2 51. Ra5 Ra4 52. Rxb5+ Kc4 53. Rg5 a1Q 54. Rxg4+ Kb3 0-1

[Event "Barcelona La Lira op 36th"]
[Site "Barcelona"]
[Date "2018.02.16"]
[Round "5.7"]
[White "Garcia Riera, Josep"]
[Black "Tortosa Moros, Joan"]
[Result "1/2-1/2"]
[WhiteElo "1940"]
[BlackElo "1638"]
[PlyCount "120"]
[EventDate "2018.01.19"]
[EventType "swiss"]
[EventRounds "8"]
[EventCountry "ESP"]
[SourceTitle "EXT 2024"]
[Source "ChessBase"]
[SourceDate "2023.10.10"]
[SourceVersion "1"]
[SourceVersionDate "2023.10.10"]
[SourceQuality "1"]

1. d4 Nf6 2. c4 e6 3. Nf3 b6 4. Nc3 Bb4 5. Bg5 h6 6. Bh4 g5 7. Bg3 Ne4 8. Qc2 Bb7 9. e3 Nxg3 10. hxg3 Qf6 11. Bd3 g4 12. Nh4 c5 13. 0-0 Bxc3 14. bxc3 cxd4 15. cxd4 Nc6 16. Rab1 Na5 17. c5 Rc8 18. Qd2 Qd8 19. cxb6 axb6 20. Qb4 Rc6 21. Ng6 Rg8 22. Ne5 Rc8 23. Qxb6 Qxb6 24. Rxb6 Rc7 25. Rb5 Nc6 26. Nxc6 dxc6 27. Rc5 Kd7 28. Rfc1 Ra8 29. Bc4 Kd6 30. Kf1 Ba6 31. Bxa6 Rxa6 32. R1c2 f5 33. Ke2 Rh7 34. Kd3 h5 35. e4 fxe4+ 36. Kxe4 h4 37. gxh4 Rxh4 38. g3 Rh7 39. Kf4 Rg7 40. f3 gxf3 41. Kxf3 Ra3+ 42. R5c3 Rxc3+ 43. Rxc3 Kd5 44. Rc5+ Kd6 45. a4 Rf7+ 46. Kg4 Rg7+ 47. Rg5 Rb7 48. Kf4 Rb4 49. Ke4 Rxa4 50. g4 Ra1 51. Rg8 Re1+ 52. Kd3 Rd1+ 53. Ke3 Re1+ 54. Kd2 Rg1 55. g5 Rg4 56. Kd3 Ke7 57. Rg7+ Kf8 58. Rg6 Ke7 59. Ke3 Kf7 60. Rf6+ Ke7 1/2-1/2

[Event "Barcelona La Lira op 36th"]
[Site "Barcelona"]
[Date "2018.02.02"]
[Round "3.3"]
[White "Garcia Riera, Josep"]
[Black "Bieg Pagel, Clemens"]
[Result "1/2-1/2"]
[WhiteElo "1940"]
[BlackElo "1785"]
[PlyCount "99"]
[EventDate "2018.01.19"]
[EventType "swiss"]
[EventRounds "8"]
[EventCountry "ESP"]
[SourceTitle "EXT 2024"]
[Source "ChessBase"]
[SourceDate "2023.10.10"]
[SourceVersion "1"]
[SourceVersionDate "2023.10.10"]
[SourceQuality "1"]

1. d4 d5 2. c4 e6 3. Nc3 Nf6 4. Nf3 Bb4 5. Bg5 h6 6. Bxf6 Qxf6 7. e3 0-0 8. cxd5 exd5 9. Qb3 c5 10. dxc5 Bxc3+ 11. bxc3 Nd7 12. Rc1 Nxc5 13. Qxd5 Qb6 14. Be2 Be6 15. Qd2 Qa5 16. c4 Qa4 17. 0-0 Rac8 18. Nd4 Rfd8 19. Qc2 Qxc2 20. Rxc2 Rd6 21. Rd1 Rcd8 22. Rcc1 Rc8 23. f3 Ra6 24. Rc2 Ra4 25. Kf2 Kf8 26. Nxe6+ fxe6 27. Rd4 Ke7 28. f4 Rf8 29. Bf3 b6 30. g4 g5 31. Kg3 Ra3 32. Re2 Rc3 33. h4 e5 34. Rd5 e4 35. Re5+ Kd8 36. Bxe4 gxf4+ 37. Kf3 Nxe4 38. Rxe4 fxe3+ 39. Rf4 Rxf4+ 40. Kxf4 Rxc4+ 41. Kf5 Rc5+ 42. Kg6 Rc6+ 43. Kh5 Re6 44. g5 hxg5 45. hxg5 Ke8 46. g6 Kf8 47. Kh6 Kg8 48. Rc2 Re8 49. Rc7 e2 50. Rg7+ 1/2-1/2

[Event "Cornella Pinol Memorial 4th"]
[Site "Cornella de Llobregat"]
[Date "2016.11.21"]
[Round "9"]
[White "Serrano Pertinez, Miquel"]
[Black "Garcia Riera, Josep"]
[Result "1-0"]
[WhiteElo "2140"]
[BlackElo "1983"]
[PlyCount "71"]
[EventDate "2016.09.26"]
[EventType "swiss"]
[EventRounds "9"]
[EventCountry "ESP"]
[SourceTitle "EXT 2018"]
[Source "ChessBase"]
[SourceDate "2017.10.13"]
[SourceVersion "1"]
[SourceVersionDate "2017.10.13"]
[SourceQuality "1"]

1. c4 e5 2. Nc3 Nf6 3. Nf3 Nc6 4. e3 d5 5. cxd5 Nxd5 6. Bb5 Nxc3 7. bxc3 Bd7 8. d4 exd4 9. cxd4 a6 10. Bc4 Bb4+ 11. Bd2 Bxd2+ 12. Qxd2 Qe7 13. 0-0 0-0 14. Rfc1 Bg4 15. Bd5 Nb4 16. Bxb7 Rab8 17. Ne5 Rxb7 18. Nxg4 f6 19. h3 Rd8 20. a3 Nd5 21. Rc5 h5 22. Nh2 Kh8 23. Qd3 Qf7 24. Nf3 Rd6 25. Qf5 Rb5 26. Rac1 Ne7 27. Qf4 Nd5 28. Qg3 Rd7 29. e4 Nb6 30. Rxc7 Rb3 31. Rxd7 Nxd7 32. Rc8+ Kh7 33. e5 Qd5 34. exf6 Nxf6 35. Rc7 Ne8 36. Rc5 1-0

[Event "Cornella Pinol Memorial 4th"]
[Site "Cornella de Llobregat"]
[Date "2016.11.07"]
[Round "7"]
[White "Villares Galiano, Jose Maria"]
[Black "Garcia Riera, Josep"]
[Result "1/2-1/2"]
[WhiteElo "1961"]
[BlackElo "1983"]
[PlyCount "79"]
[EventDate "2016.09.26"]
[EventType "swiss"]
[EventRounds "9"]
[EventCountry "ESP"]
[SourceTitle "EXT 2018"]
[Source "ChessBase"]
[SourceDate "2017.10.13"]
[SourceVersion "1"]
[SourceVersionDate "2017.10.13"]
[SourceQuality "1"]

1. e4 Nf6 2. e5 Nd5 3. d4 d6 4. c4 Nb6 5. f4 dxe5 6. fxe5 Nc6 7. Be3 Bf5 8. Nc3 e6 9. Nf3 Be7 10. Be2 0-0 11. 0-0 f6 12. exf6 Bxf6 13. Qd2 Qe7 14. Rad1 Rad8 15. Qc1 Kh8 16. h3 h6 17. Kh1 Bh7 18. b3 a6 19. Bg1 Rd7 20. c5 Nd5 21. Nxd5 exd5 22. Rde1 Qd8 23. a3 Re7 24. Qd2 Rfe8 25. b4 Be4 26. Nh2 Bh4 27. Bf2 Bg5 28. Qd1 Bg6 29. Nf3 Bf6 30. b5 axb5 31. Bxb5 Rxe1 32. Rxe1 Rxe1+ 33. Qxe1 Qd7 34. Bg3 Be4 35. Bxc6 Qxc6 36. Ne5 Bxe5 37. Bxe5 Qg6 38. Qf2 c6 39. Kh2 Kh7 40. Qd2 1/2-1/2

[Event "Barcelona Primavera La Lira op 9th"]
[Site "Barcelona"]
[Date "2016.05.19"]
[Round "7"]
[White "Minguell Soler, Joan"]
[Black "Garcia Riera, Josep"]
[Result "0-1"]
[WhiteElo "1885"]
[BlackElo "2011"]
[PlyCount "100"]
[EventDate "2016.04.07"]
[EventType "swiss"]
[EventRounds "9"]
[EventCountry "ESP"]
[SourceTitle "CBM 172 Extra"]
[Source "ChessBase"]
[SourceDate "2016.06.21"]
[SourceVersion "1"]
[SourceVersionDate "2016.06.21"]
[SourceQuality "1"]

1. d4 d5 2. c4 c6 3. Nf3 e6 4. Nc3 Nf6 5. Bg5 dxc4 6. e4 b5 7. e5 h6 8. Bh4 g5 9. Nxg5 hxg5 10. Bxg5 Nbd7 11. Be2 Bb7 12. Bf3 Qb6 13. exf6 0-0-0 14. Be3 Ne5 15. Qe2 Nd3+ 16. Kf1 c5 17. Bxb7+ Qxb7 18. dxc5 Bxc5 19. a4 Bxe3 20. Qxe3 b4 21. Nd1 Rh5 22. Qg3 Qe4 23. f3 Qe5 24. Qxe5 Rxe5 25. g3 Re1+ 26. Kg2 Re2+ 27. Kf1 Rd2 28. Rb1 Ne5 29. Ne3 R8d3 30. Nxc4 Nxc4 31. Rc1 Rd1+ 32. Kg2 R3d2+ 33. Kh3 Rxh1 34. Rxh1 Nxb2 35. Rb1 a5 36. Rc1+ Kb7 37. g4 Nd3 38. Rb1 Nc5 39. g5 b3 40. Kg3 b2 41. h4 Nxa4 42. h5 Nc3 43. Rxb2+ Rxb2 44. g6 Ne2+ 45. Kg4 Rb4+ 46. Kg5 Rb5+ 47. Kh6 fxg6 48. hxg6 Rf5 49. g7 Rxf6+ 50. Kh7 Rf7 0-1

[Event "Barcelona Primavera La Lira op 9th"]
[Site "Barcelona"]
[Date "2016.04.07"]
[Round "1"]
[White "Garcia Riera, Josep"]
[Black "Palmero Castillo, Marcelino"]
[Result "1-0"]
[WhiteElo "2011"]
[BlackElo "1647"]
[PlyCount "85"]
[EventDate "2016.04.07"]
[EventType "swiss"]
[EventRounds "9"]
[EventCountry "ESP"]
[SourceTitle "CBM 172 Extra"]
[Source "ChessBase"]
[SourceDate "2016.06.21"]
[SourceVersion "1"]
[SourceVersionDate "2016.06.21"]
[SourceQuality "1"]

1. d4 Nf6 2. c4 e6 3. Nf3 d5 4. Nc3 c5 5. cxd5 Nxd5 6. e4 Nxc3 7. bxc3 cxd4 8. cxd4 Bb4+ 9. Bd2 Qa5 10. Rb1 Bxd2+ 11. Qxd2 Qxd2+ 12. Kxd2 0-0 13. Bd3 b6 14. Rhc1 Ba6 15. Rc3 Bxd3 16. Kxd3 Na6 17. a3 Rac8 18. Rbc1 Rxc3+ 19. Rxc3 f6 20. Rc6 Kf7 21. Kc4 Ke7 22. d5 exd5+ 23. exd5 Kd7 24. Nd4 Nb8 25. Ne6 Rc8 26. Rxc8 Kxc8 27. Nxg7 Nd7 28. f4 a6 29. d6 Kb7 30. Kd5 b5 31. Nf5 a5 32. Nd4 Kb6 33. Ke6 Nc5+ 34. Ke7 b4 35. axb4 axb4 36. d7 Nb7 37. d8Q+ Nxd8 38. Kxd8 Kc5 39. Nb3+ Kc4 40. Nc1 Kd4 41. Ke7 Ke3 42. f5 Kd2 43. Nb3+ 1-0

[Event "Barcelona La Lira op 34th"]
[Site "Barcelona"]
[Date "2016.03.04"]
[Round "8"]
[White "Garcia Riera, Josep"]
[Black "Costa Trave, Jaume"]
[Result "1-0"]
[WhiteElo "2019"]
[BlackElo "1939"]
[PlyCount "49"]
[EventDate "2016.01.15"]
[EventType "swiss"]
[EventRounds "8"]
[EventCountry "ESP"]
[SourceTitle "EXT 2017"]
[Source "ChessBase"]
[SourceDate "2016.10.25"]
[SourceVersion "1"]
[SourceVersionDate "2016.10.25"]
[SourceQuality "1"]

1. d4 d5 2. c4 c6 3. Nf3 dxc4 4. e3 b5 5. a4 Qb6 6. axb5 cxb5 7. b3 cxb3 8. Qxb3 b4 9. Bd3 Bb7 10. d5 Nf6 11. e4 Nbd7 12. Qa4 e6 13. dxe6 fxe6 14. Ne5 Qc5 15. Bb2 Bd6 16. Nxd7 Nxd7 17. 0-0 Ke7 18. Nd2 Nb6 19. Qd1 a5 20. Nb3 Qg5 21. Bd4 Nd7 22. Be3 Qh4 23. g3 Qh3 24. Nxa5 Ba6 25. Nc6+ 1-0

[Event "Barcelona La Lira op 34th"]
[Site "Barcelona"]
[Date "2016.02.12"]
[Round "5"]
[White "Ramos Alvarez, Maximo"]
[Black "Garcia Riera, Josep"]
[Result "1-0"]
[WhiteElo "1840"]
[BlackElo "2019"]
[PlyCount "53"]
[EventDate "2016.01.15"]
[EventType "swiss"]
[EventRounds "8"]
[EventCountry "ESP"]
[SourceTitle "EXT 2017"]
[Source "ChessBase"]
[SourceDate "2016.10.25"]
[SourceVersion "1"]
[SourceVersionDate "2016.10.25"]
[SourceQuality "1"]

1. e4 Nf6 2. e5 Nd5 3. d4 d6 4. c4 Nb6 5. exd6 cxd6 6. Nc3 g6 7. h3 Bg7 8. Nf3 0-0 9. Be2 Nc6 10. 0-0 e5 11. Bg5 f6 12. Be3 Ne7 13. Qb3 Be6 14. a4 d5 15. dxe5 dxc4 16. Qb4 fxe5 17. Ng5 Bf7 18. Nxf7 Rxf7 19. Bxb6 axb6 20. Bxc4 Rc8 21. Rad1 Qc7 22. Bxf7+ Kxf7 23. Qb3+ Qc4 24. Qxc4+ Rxc4 25. Rd7 Ke6 26. Rfd1 Rd4 27. Rxb7 1-0

[Event "Barcelona Primavera La Lira op 8th"]
[Site "Barcelona"]
[Date "2015.04.30"]
[Round "4"]
[White "Garcia Riera, Josep"]
[Black "Serrano Pertinez, Miquel"]
[Result "0-1"]
[WhiteElo "2019"]
[BlackElo "2073"]
[PlyCount "54"]
[EventDate "2015.04.09"]
[EventType "swiss"]
[EventRounds "9"]
[EventCountry "ESP"]
[SourceTitle "CBM 166 Extra"]
[Source "ChessBase"]
[SourceDate "2015.06.18"]
[SourceVersion "1"]
[SourceVersionDate "2015.06.18"]
[SourceQuality "1"]

1. d4 e6 2. c4 b6 3. Nc3 Bb7 4. Nf3 Bb4 5. g3 c5 6. Bg2 Nf6 7. 0-0 Bxc3 8. bxc3 Na6 9. Ba3 0-0 10. Ne5 Bxg2 11. Kxg2 d6 12. Nf3 Qe7 13. Qc2 Qb7 14. Kg1 Rac8 15. Rfd1 Rfd8 16. Rac1 h6 17. Nd2 Nb8 18. e4 Nbd7 19. Re1 Rc7 20. Qa4 Nf8 21. d5 Re7 22. f3 Ng6 23. f4 exd5 24. exd5 Rde8 25. Kf1 Qc8 26. Nf3 Qh3+ 27. Kg1 Nxf4 0-1